Volley : Les équipes championnes de France - Statistiques

Statistiques générales
  • Ce quiz a été pris 193 fois
  • Le résultat moyen est 7 sur 18
Statistiques - réponses
Nombre de trophée Dernier sacre Divison actuel Équipe % Correct
9 1997 - 1998 National 3 Paris UC
91%
9 2015 - 2016 Marmara Spike League Paris Volley
91%
1 1937 - 1938 Disparu SS Amicale de Paris
91%
9 2022 - 2023 Marmara Spike League Tours VB
86%
8 2021 - 2022 Marmara Spike League Montpellier HSC
71%
10 2020 - 2021 Marmara Spike League AS Cannes
58%
1 2016 - 2017 Marmara Spike League Chaumont Volley-Ball 52
58%
2 2010 - 2011 Marmara Spike League Alterna Stade poitevin Volley-Ball
55%
1 2023 - 2024 Marmara Spike League Saint-Nazaire VBA
43%
4 1991 - 1992 Ligue B Fréjus Var Volley
23%
1 1984 - 1985 National 1 Grenoble VUC
16%
6 1992 - 1993 National 2 Asnières Volley 92
12%
8 1973 - 1974 National 3 Stade Français
5%
9 1978 Disparu RC France
4%
1 1958 - 1959 Disparu CAS BNCI Alger
3%
1 1938 - 1939 Disparu VB Club de France
3%
3 1955 - 1956 Disparu Club olympique de Billancourt
2%
1 1975 - 1976 National 3 VGA Saint-Maur Volley-ball
2%
Aucun quiz correspondant
Distribution des résultats
% des personnes avec chaque résultat
Percentile par nombre de réponses
Votre historique - résultats
Vous n’avez pas pris ce quiz